00489nam a22001457a 4500003000500000020001500005038001500020082001100035100002600046245014100072260003700213300003100250650004200281700002000323NUST qHardcover. aMr. Zahoor a624.15 aSami, Muhammad Farjad aComparison of atterberg limits and shear strength values as determined from fall cone and conventional methods /cMuhammad Farjad Sami  aIslamabad :bSCEE - NUST,c2017. axiv, 93 p. : ill, ;c30cm. aGeotechnical Engineering - MS Thesis  aDr. Liaqat Ali